| 000 | 00536nam a2200193Ia 4500 | ||
|---|---|---|---|
| 005 | 20240614014402.0 | ||
| 008 | 240331s9999 xx 000 0 und d | ||
| 020 | _a0415170826 | ||
| 082 |
_bSEV _a362 |
||
| 100 | _aSevenhuijsen, Selma | ||
| 245 | 0 |
_aCitizenship and the ethics of care : _bfeminist considerations on justice, morality and politics |
|
| 260 |
_aLondon _bRoutledge _c1998 |
||
| 300 | _aix, 198 p ., | ||
| 650 | _aFeminist | ||
| 650 | _aMorality and politics | ||
| 650 | _aJustice | ||
| 650 | _aCaregivers | ||
| 942 | _cL | ||
| 999 |
_c2876 _d2876 |
||